Popularne albumy rap/trap tygodnia 05-11.02 - Statystyki

Ogólne statystyki
  • Ten quiz został rozwiązany 12 razy
  • Średni wynik to 12 z 15
Statystyki odpowiedzi
Wykonawca Data Wydania Album % Poprawnych
Bedoes & Lanek 15 stycznia 2021 Rewolucja Romantyczna
100%
Mata 17 stycznia 2020 100 dni do matury
83%
Białas 5 sierpnia 2020 H8M5
83%
SB Maffija 8 czerwca 2020 Hotel Maffija
83%
Bedoes & Lanek 29 listopada 2019 Opowieści z Doliny Smoków
83%
Guzior 4 grudnia 2020 PLEŚŃ
83%
Quebonafide 2 kwietnia 2020 ROMANTIC PSYCHO
83%
Szpaku 21 stycznia 2021 Różowa Pantera
83%
Żabson 1 lutego 2021 Ziomalski Mixtape
83%
chillwagon 22 grudnia 2020 Chillwagon 2.0
75%
White 2115 28 sierpnia 2020 Rockstar: Do zachodu słońca
75%
Taco Hemingway 4 września 2020 Europa
67%
Kabe 20 listopada 2020 Mowgli
67%
Kizo 23 października 2020 Posejdon
67%
Pezet 27 września 2019 Muzyka Współczesna
50%
Nie znaleziono quizów pasujących do podanych kryteriów
Rozkład punktacji
Procent ludzi z każdym wynikiem
Percentyl według liczby udzielonych odpowiedzi
Twoja historia wyników
Nie rozwiązałeś tego quizu